00442nam a22001457a 450000500170000000800410001702000340005804100250009208200160011710000250013324500570015826000440021530000120025965000250027120240917091115.0231130b |||||||| |||| 00| 0 eng d a9780409006445 ; 9780409006452 aEnglish / Afrikaans  a340.06 ASS  lEnglish / Afrikaans  aThe Law Society of South Africa: bPractical Manual  aDurban : bLexisNexis (Pty) Ltd, c1989 c26 cm.  aLegal practice bLaw